01445nam a2200385Ia 4500001001200000003000800012006001900020007001500039008004100054010001700095020002400112020003000136020002600166040002100192035002100213050002400234082001400258100002000272245011100292260005400403300001100457504005100468533015200519650002800671650003200699650004000731650002600771650003100797650002700828650001500855655002900870710001700899856012600916999001701042ebr10619212CaPaEBRm u cr cn|||||||||120829s2012 enk sb 001 0 eng d z 2012034846 z9781441102614 (pdf) z9781441125637 (hardcover) z9781441135759 (ebook) aCaPaEBRcCaPaEBR a(OCoLC)81656301514aGV1815b.B68 2012eb04a791.32231 aBouissac, Paul.10aCircus as multimodal discourseh[electronic resource] :bperformance, meaning and ritual /cPaul Bouissac. aLondon ;aNew York :bBloomsbury Academic,c2012. a216 p. aIncludes bibliographical references and index. aElectronic reproduction.bPalo Alto, Calif. :cebrary,d2011.nAvailable via World Wide Web.nAccess may be limited to ebrary affiliated libraries. 0aCircusxSocial aspects. 0aPerforming artsxSemiotics. 0aDiscourse analysisxSocial aspects. 0aVisual communication. 0aMultimedia communications. 0aModality (Linguistics) 0aSemiotics. 7aElectronic books.2local2 aebrary, Inc.40uhttp://site.ebrary.com/lib/rucke/Doc?id=10619212zAn electronic book accessible through the World Wide Web; click to view c54327d54327